ISOLATION OR INTERDEPENDENCE? TODAYS CHOICES FOR TOMORROWS WORLD (Record no. 369346)

MARC details
000 -LEADER
fixed length control field 00493nam a2200145Ia 4500
008 - FIXED-LENGTH DATA ELEMENTS--GENERAL INFORMATION
fixed length control field 100122s9999 xx 000 0 und d
082 ## - DEWEY DECIMAL CLASSIFICATION NUMBER
Item number 29487
Classification number 320
100 ## - MAIN ENTRY--PERSONAL NAME
Personal name KAPLAN M A
245 ## - TITLE STATEMENT
Title ISOLATION OR INTERDEPENDENCE? TODAYS CHOICES FOR TOMORROWS WORLD
260 ## - PUBLICATION, DISTRIBUTION, ETC. (IMPRINT)
Name of publisher, distributor, etc DREAMLAND PUBLICATIONS
Date of publication, distribution, etc 1905
300 ## - PHYSICAL DESCRIPTION
Extent 254
630 ## - SUBJECT ADDED ENTRY--UNIFORM TITLE
Uniform title ISOLATION OR INTERDEPENDENCE? TODAYS CHOICES FOR TOMORROWS WORLD
730 ## - ADDED ENTRY--UNIFORM TITLE
Uniform title ISOLATION OR INTERDEPENDENCE? TODAYS CHOICES FOR TOMORROWS WORLD
942 ## - ADDED ENTRY ELEMENTS (KOHA)
Koha item type Book
Holdings
Withdrawn status Lost status Damaged status Not for loan Home library Current library Date acquired Cost, normal purchase price Total Checkouts Full call number Barcode Date last seen Cost, replacement price Price effective from Koha item type Public note
        S.V. Pathak Library, Vile Parle S.V. Pathak Library, Vile Parle 06/10/1980 24.00   29487 SVPPARLE-29487 01/25/2010 24.00 01/25/2010 Book ", , , NA"